5HLuxD.jpg

KING HENRY VIII SENIOR AND PRIMARY SCHOOL LIBRARY OPAC

Cambridge IGCSE Physics / (Record no. 4260)

000 -LEADER
fixed length control field 01728cam a2200289 a 4500
001 - CONTROL NUMBER
control field 005517299
003 - CONTROL NUMBER IDENTIFIER
control field OSt
005 - DATE AND TIME OF LATEST TRANSACTION
control field 20250204103925.0
008 - FIXED-LENGTH DATA ELEMENTS--GENERAL INFORMATION
fixed length control field 141222r2014 enkad g 000 0 eng d
020 ## - INTERNATIONAL STANDARD BOOK NUMBER
International Standard Book Number 9781107614888
Qualifying information (Workbook;
-- pbk.)
040 ## - CATALOGING SOURCE
Original cataloging agency UV1
Language of cataloging eng
Transcribing agency tw-NKUHT
Modifying agency tw-NKUHT
-- KH8
Description conventions aacr
042 ## - AUTHENTICATION CODE
Authentication code nbic
082 0# - DEWEY DECIMAL CLASSIFICATION NUMBER
Classification number 530 SAN
100 1# - MAIN ENTRY--PERSONAL NAME
Personal name Sang, David,
Relator term author.
245 10 - TITLE STATEMENT
Title Cambridge IGCSE Physics /
Statement of responsibility, etc. David Sang.
246 30 - VARYING FORM OF TITLE
Title proper/short title Cambridge International General Certificate of Secondary Education Physics.
250 ## - EDITION STATEMENT
Edition statement 2nd ed.
260 ## - PUBLICATION, DISTRIBUTION, ETC.
Place of publication, distribution, etc. Cambridge :
Name of publisher, distributor, etc. Cambridge University Press,
Date of publication, distribution, etc. c2014.
300 ## - PHYSICAL DESCRIPTION
Extent 153 p. :
Other physical details ill., tab. ;
Dimensions 28 cm.
520 ## - SUMMARY, ETC.
Summary, etc. This edition of our successful series to support the Cambridge IGCSE Physics syllabus (0625) is fully updated for the revised syllabus for first examination from 2016. Written by a highly experienced author, Cambridge IGCSE Physics Workbook helps students build the skills required in both their theory and practical examinations. The exercises in this write-in workbook help to consolidate understanding and get used to using knowledge in new situations. They also develop information handling and problem solving skills and develop experimental skills including planning investigations and interpreting results. This accessible book encourages students to engage with the material. The answers to the exercises can be found on the Teacher's Resource CD-ROM.
590 ## - LOCAL NOTE (RLIN)
Local note Workbook.
610 20 - SUBJECT ADDED ENTRY--CORPORATE NAME
Corporate name or jurisdiction name as entry element International General Certificate of Secondary Education (IGCSE)
Form subdivision Study guides.
650 #0 - SUBJECT ADDED ENTRY--TOPICAL TERM
Topical term or geographic name entry element Physics
Form subdivision Problems, exercises, etc.
650 #0 - SUBJECT ADDED ENTRY--TOPICAL TERM
Topical term or geographic name entry element Physics
Form subdivision Examinations, questions, etc.
650 #0 - SUBJECT ADDED ENTRY--TOPICAL TERM
Topical term or geographic name entry element Physics
General subdivision Examinations
Form subdivision Study guides.
942 ## - ADDED ENTRY ELEMENTS (KOHA)
Source of classification or shelving scheme
Koha item type Books - Non Ficton
Holdings
Withdrawn status Lost status Source of classification or shelving scheme Damaged status Not for loan Collection code Permanent Location Current Location Shelving location Date acquired Full call number Barcode Date last seen Price effective from Koha item type
          Non-Fiction KH8 Senior School Library KH8 Senior School Library Non Fiction 2025-02-04 530 SAN 3KHSL000102168 2025-02-04 2025-02-04 Books - Non Ficton
          Non-Fiction KH8 Senior School Library KH8 Senior School Library Non Fiction 2025-02-04 530 SAN 3KHSL000102169 2025-02-04 2025-02-04 Books - Non Ficton

Powered By KH8 IT Dept